| 000 | 01309cam a22003737a 4500 | ||
|---|---|---|---|
| 003 | CHAP | ||
| 005 | 20220329142442.0 | ||
| 008 | 010306 2000 mx ab r 00010 spa d | ||
| 010 | _a83714 | ||
| 011 | _a84686 | ||
| 020 | _a9687863609 | ||
| 035 | _a95212 | ||
| 040 | _cCHAP | ||
| 090 | _aFolleto 15229 v.82 | ||
| 100 | 0 | 0 |
_aNovelo, Alejandro. _982044 |
| 245 | 0 |
_aFamilia Mayacaceae _c/por Alejandro Novelo y Leandro Ramos |
|
| 260 |
_aPátzcuaro, Mich. : _bInstituto de Ecología A.C. Centro Regional del Bajío, _c2000. |
||
| 300 |
_a4 p. : _bilus. ; mapas |
||
| 490 | 0 |
_aFlora del Bajío y de Regiones Adyacentes. Fascículo _v; 82 |
|
| 590 |
_aBATCH-UPD _b10 _c20130110 _lUCH01 _h0317 |
||
| 590 |
_aBATCH-UPD _b10 _c20130110 _lUCH01 _h1758 |
||
| 590 |
_aBATCH-UPD _b10 _c20130409 _lUCH01 _h2350 |
||
| 590 |
_aBATCH-UPD _b10 _c20130914 _lUCH01 _h0737 |
||
| 590 |
_aCONVERSION _b10 _c20130109 _lUCH01 _h1347 |
||
| 650 | 1 | 4 |
_aBotánica _xClasificación. _914516 |
| 650 | 1 | 4 |
_aMayacaceae. _973204 |
| 650 | 1 | 4 |
_aPlantas _xIdentificación. _988842 |
| 700 | 0 |
_aRamos, Leandro. _994525 |
|
| 830 | 0 |
_aFlora del Bajío y de Regiones Adyacentes. Fascículo _v; 82 _941324 |
|
| 901 | _aBK | ||
| 905 | _aPatricia Mendoza P. | ||
| 942 | _cFOLL | ||
| 949 |
_aFolleto 15229 v.82 _bBC _cFOLL _d95212 _eTS1 _i95212 _kDonaciØn _sb |
||
| 999 |
_c83714 _d83714 |
||